| 000 | 00439nam a2200169Ia 4500 | ||
|---|---|---|---|
| 008 | 210210b1997 xxu||||| |||| 00| 0 eng d | ||
| 020 | _a81 7328 085 1 | ||
| 082 | _a657.46 PRAI | ||
| 100 | _aPRASAD (Bhagwati). | ||
| 245 | _aIncome tax law and practice. Ed 24 | ||
| 250 | _a | ||
| 260 |
_aNew Delhi. _bWishwa Prakashan, _c1997 |
||
| 300 | _axvi,714 | ||
| 650 | _aIncome Tax, Law Practice | ||
| 690 | _aIncome Ta | ||
| 906 | _a05234 | ||
| 999 |
_c100540 _d100540 |
||